000 00446nam a22001697a 4500
005 20160617160457.0
008 160617b xxu||||| |||| 00| 0 eng d
020 _a81-259-1205-3
041 _aeng
082 _b8026
100 _aMohamed, A Reena & Sagadevan, A
_92144
245 _aCustomer Relationship Management
260 _aNew Delhi
_bVikas Publishing House (P) Ltd.
_c2004
300 _a210
650 _aManagement
_9241
942 _cBK
999 _c2995
_d2994